000 00513nam a2200193Ia 4500
999 _c9976
_d9976
003 OSt
005 20191219153226.0
008 190216s9999||||xx |||||||||||||| ||und||
020 _a8187125055
040 _coclc
082 _a337
_bJHI/I
100 _aJhingan, M L
_9469
245 0 _aInternational Economics /
_cM L Jhingan
250 _a4th ed.
260 _bVrinda Publications,
_c1997.
_aDelhi:
300 _a523p
650 _aEconomics
942 _cBK
_2ddc
_h337
_iJHI/I
_k337
_mJHI/I